[Event "Warsaw op-A"]
[Site "Warsaw"]
[Date "2021.07.24"]
[Round "7"]
[White "Razdolski, Ilya"]
[Black "Chyzy, Jakub"]
[Result "0-1"]
[WhiteElo "2109"]
[BlackElo "2257"]
[PlyCount "87"]
[EventDate "2021.07.19"]
[EventType "swiss"]
[EventRounds "9"]
[EventCountry "POL"]
[SourceTitle "CBM 203 Extra"]
[Source "ChessBase"]
[SourceDate "2021.09.30"]
[SourceVersion "1"]
[SourceVersionDate "2021.09.30"]
[SourceQuality "1"]

1. d4 d5 2. c4 e6 3. Nc3 Nf6 4. cxd5 exd5 5. Bg5 Nbd7 6. e3 Be7 7. Bd3 0-0 8. Qc2 Re8 9. Nge2 Nf8 10. 0-0 Be6 11. f3 a6 12. e4 dxe4 13. fxe4 Ng4 14. Bxe7 Qxe7 15. Qd2 c5 16. d5 Bd7 17. h3 Ne5 18. a4 Qd6 19. b3 Rab8 20. Nd1 b5 21. Bc2 bxa4 22. bxa4 Rb4 23. Ne3 f6 24. Nf4 Nfg6 25. Nh5 Nc4 26. Nxc4 Rxc4 27. Ra3 Rb8 28. Rc3 Rd4 29. Qc1 Rbb4 30. Rcf3 Qe5 31. g4 Rdc4 32. Rxf6 Rxc2 33. Qxc2 Rb2 34. R6f2 Rxc2 35. Rxc2 Qxe4 36. Rcf2 Bxg4 37. Ng3 Qe5 38. hxg4 Qxg3+ 39. Rg2 Qe3+ 40. Kh1 Nf4 41. Rgf2 Qh3+ 42. Kg1 Qxg4+ 43. Kh2 Qh5+ 44. Kg3 0-1

[Event "Warsaw op-A"]
[Site "Warsaw"]
[Date "2021.07.21"]
[Round "3"]
[White "Paszewski, Mateusz"]
[Black "Razdolski, Ilya"]
[Result "1/2-1/2"]
[WhiteElo "2280"]
[BlackElo "2109"]
[PlyCount "69"]
[EventDate "2021.07.19"]
[EventType "swiss"]
[EventRounds "9"]
[EventCountry "POL"]
[SourceTitle "CBM 203 Extra"]
[Source "ChessBase"]
[SourceDate "2021.09.30"]
[SourceVersion "1"]
[SourceVersionDate "2021.09.30"]
[SourceQuality "1"]

1. d4 Nf6 2. c4 g6 3. Nc3 Bg7 4. e4 d6 5. h3 0-0 6. Be3 e5 7. d5 a5 8. Nge2 Na6 9. g4 c6 10. Ng3 cxd5 11. cxd5 Nd7 12. Qd2 Ndc5 13. Be2 Bd7 14. h4 f6 15. h5 Rf7 16. hxg6 hxg6 17. f3 Bf8 18. Kf2 Qe7 19. Rh3 Rh7 20. Rxh7 Qxh7 21. Rh1 Qe7 22. Bb5 Rc8 23. Nge2 a4 24. Bh6 Rd8 25. Bxf8 Qxf8 26. Bxd7 Rxd7 27. Nb5 Rh7 28. Rxh7 Kxh7 29. Nec3 Qd8 30. Kg3 Kg7 31. a3 Qb6 32. g5 Nd3 33. gxf6+ Kxf6 34. Qxd3 Qg1+ 35. Kh3 1/2-1/2